000 01112nam a22003497a 4500
001 0072710
003 KOHA_MİRAKIL
005 20260207005106.0
007 ta
008 241223b2023 tu |||gr||||#0|||0|tur |
020 _a9786258136708
040 _aTR-BiSEU
_btur
_cTR-BiSEU
_erda
041 0 _atur
044 _ctu
050 _aKKX3790
_b.T67 2023
100 1 _aToroslu, Nevzat.
245 1 _aCeza hukuku: genel kısım/
_cNevzat Toroslu ; Nevzat Toroslu, Haluk Toroslu.
250 _a27. Baskı
264 1 _aAnkara :
_bSavaş Yayınevi
_c2023
300 _a528 sayfa; 20 cm.
336 _ametin
_btxt
_2rdacontent
337 _aaracısız
_bn
_2rdamedia
338 _acilt
_bnc
_2rdacarrier
650 0 _aCeza hukuku--Genel hükümler--Türkiye.
_9143653
650 0 _aCeza hukuku--Türkiye.
_96941
650 0 _aCeza hukuku--Hukuk ve mevzuat--Türkiye.
_9145322
650 0 _aCriminal law--General provisions--Türkiye.
_9145323
650 0 _aCriminal law--Türkiye.
_9143679
650 0 _aCriminal law--Law and legislation--Türkiye.
_9145324
907 _aHukuk
942 _2lcc
_cBK
999 _c73465
_d73465